000
00284nam a22001217a 4500
999
_c
533574
_d
533574
040
_c
dlc
082
_a
808.06665
100
_a
Stella Cottrell
_9
27522
245
_a
Palgrave Study Skills : The Study Skills Handbook - 3rd edi
250
_a
2nd
300
_a
351p
942
_2
ddc
_c
BK